Contratos mercantiles, 2003-2004
I tiakina i:
| Hōputu: | Pukapuka |
|---|---|
| Reo: | Pāniora |
| I whakaputaina: |
Madrid
Francis Lefebvre
2002
|
| Rangatū: | Memento Práctico
|
| Ngā marau: | |
| Ngā Tūtohu: |
Tāpirihia he Tūtohu
Kāore He Tūtohu, Me noho koe te mea tuatahi ki te tūtohu i tēnei pūkete!
|
MARC
| LEADER | 00000nam a2200000 a 4500 | ||
|---|---|---|---|
| 001 | UCL9568 | ||
| 003 | CL-VaPUC | ||
| 008 | 040813e20020700SP |||||||||||||||||spa|d | ||
| 020 | |a 8495828227 | ||
| 082 | 0 | 4 | |a 346.4607 |b CON |2 21 |
| 245 | 1 | 0 | |a Contratos mercantiles, 2003-2004 |
| 300 | |a 1345 p | ||
| 942 | |c BK | ||
| 945 | |d 20040813 00:00:00 |a cmena | ||
| 260 | |a Madrid |b Francis Lefebvre |c 2002 | ||
| 650 | 0 | |a Derecho comercial español |9 400386 | |
| 650 | 7 | |a CONTRATOS MERCANTILES |2 CL-VaPUC |9 391846 | |
| 650 | 0 | |a Obligaciones contractuales |9 386117 | |
| 650 | 0 | |a Propiedad industrial |9 255086 | |
| 650 | 0 | |a Propiedad intelectual |9 256126 | |
| 650 | 0 | |a Garantías |9 385837 | |
| 651 | 0 | |a España |9 254926 | |
| 583 | |a last modification |c 20040813 00:00:00 |k Rodrigo Vera | ||
| 490 | 0 | |a Memento Práctico | |
| 999 | |c 310313 |d 310311 | ||
| 952 | |0 0 |1 0 |4 0 |6 346_460700000000000_CON_2002 |7 0 |8 A |9 378611 |a BIBDER |b BIBDER |d 2019-11-21 |i 4046080 |o 346.4607 CON 2002 |p 4046080 |r 2019-11-21 |w 2019-11-21 |y BK |k DER | ||